000
00208 a2200097 4500
001
2914
100
_a
Mathews, S
245
_a
Excel 4 for window made easy
260
_a
_b
MGraw Hill
_c
090
_c
2207
_d
2207
942
_a
NUST-CAE
_c
M
_c
13414
999
_c
237987
_d
237987